The art of making sense

This book doesn't aim to give the reader any new mental powers. It is concerned with the principlesof intelligent thinking by the logial way

Wedi'i Gadw mewn:
Manylion Llyfryddiaeth
Prif Awdur: Ruby, Lionel
Fformat: Llyfr
Iaith:Undetermined
Cyhoeddwyd: Tokyo Yohan Publication 1968
Pynciau:
Tagiau: Ychwanegu Tag
Dim Tagiau, Byddwch y cyntaf i dagio'r cofnod hwn!
Thư viện lưu trữ: Trung tâm Học liệu Trường Đại học Cần Thơ
LEADER 00636nam a2200205Ia 4500
001 CTU_220472
008 210402s9999 xx 000 0 und d
020 |c 3 
082 |a 160 
082 |b R897 
100 |a Ruby, Lionel 
245 4 |a The art of making sense 
245 0 |c Lionel Ruby 
260 |a Tokyo 
260 |b Yohan Publication 
260 |c 1968 
520 |a This book doesn't aim to give the reader any new mental powers. It is concerned with the principlesof intelligent thinking by the logial way 
650 |a Logic học,Logical 
904 |i Nguyên 
980 |a Trung tâm Học liệu Trường Đại học Cần Thơ